| 000 | 00487nam a22001817a 4500 | ||
|---|---|---|---|
| 005 | 20251204170247.0 | ||
| 008 | 251203b |||||||| |||| 00| 0 eng d | ||
| 020 | _a978-93-93330-65-9 | ||
| 041 | _aeng | ||
| 082 | _a616.01 SAX-M | ||
| 100 |
_aSAXENA, SONAL _98839 |
||
| 245 | _aANANTHANARAYAN AND PANIKER,S TEXTBOOK OF MICROBIOLOGY | ||
| 250 | _a13TH ED, | ||
| 260 |
_aHYDERABAD _bUNIVERSITY PRESS _c2025 |
||
| 300 | _a776;P | ||
| 650 |
_aPARAMEDICAL _xBMIRT/BMLT _98848 |
||
| 942 | _cBK | ||
| 999 |
_c9020 _d9018 |
||